000 00597nam a2200193Ia 4500
003 GCL
008 140319s9999 xx 000 0 ara d
040 _aGCL /
_cGCL
082 0 4 _a811.008015
_bم ر
100 1 _aمحمد فتوح احمد
245 1 0 _aالرمز والرمزية فى الشعر المعاصر /
_cمحمد فتوح احمد
260 _a[S.N] :
_bدار المعارف ،
_c1984
300 _a453 ص
490 _a
650 0 4 _aالشعر العربى
650 0 4 _aالادب العربى
650 0 4 _aالرمزية فى الادب العربى
942 _2ddc
_cBK
999 _c28567
_d28567